000 00513nam a22002057a 4500
003 OSt
005 20241211163819.0
008 241211b |||||||| |||| 00| 0 eng d
020 _a0521565626
040 _cmust
082 _2621.3
100 _4Ketterson,JB
245 _aSuperconductivity/
_cJB Ketterson
260 _aUK:
_bCambridge university press;
_cc1999.
300 _axiv,497p.;
_bill:
_c24cm.
500 _aincludes index
650 _2Super conductors
700 _4Song,S.N
942 _2ddc
_cB_BANK
999 _c9501
_d9501